000 00407nam a22001697a 4500
005 20180718095751.0
008 160525b xxu||||| |||| 00| 0 eng d
020 _a81-7660-045-8
041 _aeng
082 _b4819
_a658.1511
100 _aRao, A.P.
_94546
245 _aManagement Accounting
260 _aNew Delhi
_bAcademic Faundation
300 _a604p,
650 _aManagement
_9241
942 _cBK
999 _c1649
_d1648